| Record ID | ia:cihm_93744 |
| Source | Internet Archive |
| Download MARC XML | https://archive.org/download/cihm_93744/cihm_93744_marc.xml |
| Download MARC binary | https://www.archive.org/download/cihm_93744/cihm_93744_meta.mrc |
LEADER: 01207nam a2200325 a 4500
001 3173375
007 he amb---bbcp
007 he bmb---baap
008 941110s1899 onc b 000 0 eng d
020 $a066593744X
035 $aocm53572169
040 $aCaOOCIHM$beng$cCaOOCIHM$dAEU
082 0 $a641.5971$220
090 $aFC 02 0203 no. 93744$bAEU
245 00 $aEpworth League cook book$h[microform].
260 $a[Leamington, Ont.? :$bEpworth League,$c189-?]$e(Leamington [Ont.] :$fPost Print.)
300 $a1 microfiche (22 fr.)
490 1 $aCIHM/ICMH Microfiche series = CIHM/ICMH collection de microfiches ;$vno. 93744
500 $aCover title.
500 $aIncludes advertising matter.
533 $aFilmed from a copy of the original publication held by the National Library of Canada.$bOttawa :$cCanadian Institute for Historical Microreproductions,$d1993.
534 $e[1], 24, [2] p. ; 15 cm.
596 $a43
650 0 $aCooking, Canadian
650 6 $aCuisine canadienne.
710 2 $aEpworth League.
830 0 $aCIHM/ICMH microfiche series ;$vno. 93744
949 $hUAHS-MF$zCIHMMPRE
016 $a 946030219
926 $aUAHSS$bMICROFICHE$cFC 02 0203 no. 93744$dMICROFORM$f1